| 000 | 01033nam a2200289 i 4500 | ||
|---|---|---|---|
| 001 | 33415 | ||
| 003 | ES-MaACL | ||
| 005 | 20250729045643.0 | ||
| 007 | t| | ||
| 008 | 030202s1982 fr b 00110 spa d | ||
| 020 | _a92-3-302072-X | ||
| 080 | _a016:3(038) | ||
| 080 | _a016:025.43/47:3 | ||
| 245 | 0 | 0 |
_aBibliografía de vocabularios, tesauros, encabezamientos de materia y esquemas de clasificación de ciencias sociales (mono y plurilingües) / _cpreparado por la Biblioteca Aslib en colaboración con Jean Aitchison y C.G. Allen. |
| 260 |
_aParís : _bUnesco, _c1982. |
||
| 300 |
_a100 p. ; _c30 cm. |
||
| 490 | 1 |
_aInformes y documentos de ciencias sociales ; _v54 |
|
| 500 | _aÍndices. | ||
| 650 | 7 |
_aCiencias sociales- _vBibliografías _2 _9144047 |
|
| 700 | 1 |
_aAitchison, Jean. _919000 |
|
| 700 | 1 |
_aAllen, C. G. _919978 |
|
| 710 | 2 |
_aAslib. _9172080 |
|
| 710 | 2 |
_aUnesco. _96999 |
|
| 830 | 1 |
_aInformes y documentos de ciencias sociales ; _v54 _9229454 |
|
| 852 |
_aES-MaACL _jL-8482 |
||
| 999 |
_c33415 _d33415 |
||